LIBRARY & INFORMATION CENTRE, KCAET, TAVANUR

ONLINE PUBLIC ACCESS CATALOGUE (OPAC)

Numerical recipes in C / (Record no. 3114)

MARC details
000 -LEADER
fixed length control field 00539cam a2200217ua 4500
041 ## - LANGUAGE CODE
Language code of text/sound track or separate title eng
082 ## - DEWEY DECIMAL CLASSIFICATION NUMBER
Classification number 005.133
Item number PRE/NU
100 ## - MAIN ENTRY--AUTHOR NAME
Personal name Press, William H. .
245 ## - TITLE STATEMENT
Title Numerical recipes in C /
250 ## - EDITION STATEMENT
Edition statement 2 /
260 ## - PUBLICATION, DISTRIBUTION, ETC. (IMPRINT)
Place of publication Cambridge :
Name of publisher Cambridge University Press ,
Year of publication 1993.
300 ## - PHYSICAL DESCRIPTION
Number of Pages ; .
500 ## - GENERAL NOTE
General note 18863, 18864, 18865, CSS
942 ## - ADDED ENTRY ELEMENTS (KOHA)
Koha item type Books
Holdings
Withdrawn status Lost status Damaged status Home library Current library Date acquired Full call number Accession Number Koha item type
      KAUAET   07/04/2012 005.133 18863 Books
      KAUAET   07/04/2012 005.133 18865 Books
      KAUAET   07/04/2012 005.133 18864 Books
free website counter